[Event "Torch Real Estate Cup China Chess League"]
[Site "Xiapu CHN"]
[Date "2005.06.22"]
[EventDate "2005.06.21"]
[Round "15"]
[Result "1/2-1/2"]
[White "Xu Jun"]
[Black "Weiguo Lin"]
[WhiteElo "2582"]
[BlackElo "2448"]
[PlyCount "30"]

1. d4 d5 2. c4 e6 3. Nf3 c5 4. cxd5 exd5 5. g3 Nc6 6. Bg2 Nf6
7. O-O Be7 8. Nc3 O-O 9. Bg5 cxd4 10. Nxd4 h6 11. Be3 Re8
12. Qb3 Na5 13. Qc2 Nc4 14. Bf4 a6 15. Rad1 Bf8 1/2-1/2

[Event "Torch Real Estate Cup China Chess League"]
[Site "Xiapu CHN"]
[Date "2005.06.25"]
[EventDate "2005.06.21"]
[Round "18"]
[Result "1/2-1/2"]
[White "Zili Wang"]
[Black "Xu Jun"]
[WhiteElo "2501"]
[BlackElo "2582"]
[PlyCount "46"]

1. e4 c5 2. Nf3 d6 3. d4 cxd4 4. Nxd4 Nf6 5. Nc3 a6 6. Be2 e5
7. Nb3 Be7 8. O-O O-O 9. Kh1 Nc6 10. Be3 Be6 11. Qd2 b5 12. f3
d5 13. exd5 Nxd5 14. Nxd5 Qxd5 15. Qxd5 Bxd5 16. Rfd1 Bc4
17. Bxc4 bxc4 18. Nd2 Nb4 19. Nxc4 Nxc2 20. Rac1 Nxe3 21. Nxe3
Bg5 22. Rc3 Bxe3 23. Rxe3 Rfd8 1/2-1/2

[Event "Torch Real Estate Cup China Chess League"]
[Site "Wuxi CHN"]
[Date "2005.05.08"]
[EventDate "2005.05.08"]
[Round "7"]
[Result "1-0"]
[White "Xu Jun"]
[Black "Yu Lie"]
[WhiteElo "2582"]
[BlackElo "2328"]
[PlyCount "91"]

1. d4 d5 2. c4 c6 3. Nf3 Nf6 4. Nc3 e6 5. Bg5 Nbd7 6. e3 Qa5
7. cxd5 Nxd5 8. Qd2 Bb4 9. Rc1 Nxc3 10. bxc3 Ba3 11. Rb1 b6
12. Bd3 Ba6 13. O-O O-O 14. Bxa6 Qxa6 15. e4 Rfe8 16. e5 c5
17. d5 exd5 18. Qxd5 Nf8 19. Rfd1 c4 20. Nd2 Rac8 21. Ne4 Ne6
22. Be3 Nc7 23. Qd7 Rxe5 24. Ng5 Re7 25. Qf5 g6 26. Qf3 Ne8
27. h4 Qb7 28. Rd5 Bc5 29. Rbd1 Bxe3 30. fxe3 b5 31. a3 a5
32. h5 b4 33. hxg6 fxg6 34. axb4 axb4 35. cxb4 Qb6 36. Re5 Qb7
37. Qf4 Rxe5 38. Qxe5 Ng7 39. Ne4 Rf8 40. b5 Qf7 41. b6 Qe6
42. Qxe6+ Nxe6 43. Rd6 Nd8 44. Rd7 Nc6 45. b7 Na5 46. Nf6+ 1-0

[Event "Torch Real Estate Cup China Chess League"]
[Site "Wuxi CHN"]
[Date "2005.05.11"]
[EventDate "2005.05.08"]
[Round "10"]
[Result "1/2-1/2"]
[White "Chong Liang"]
[Black "Xu Jun"]
[WhiteElo "2524"]
[BlackElo "2582"]
[PlyCount "72"]

1. d4 Nf6 2. c4 e6 3. Nc3 Bb4 4. Qc2 d5 5. cxd5 Qxd5 6. Nf3
Qf5 7. Qxf5 exf5 8. a3 Be7 9. e3 c6 10. b4 Nbd7 11. Bd3 g6
12. O-O O-O 13. Na4 Nb6 14. Nc5 Nbd5 15. Bd2 b6 16. Na4 Ne4
17. Rfc1 a5 18. Bxe4 fxe4 19. Ne5 axb4 20. axb4 b5 21. Nc5
Rxa1 22. Rxa1 Bxc5 23. bxc5 Bb7 24. f3 Ra8 25. Rxa8+ Bxa8
26. fxe4 Nf6 27. d5 cxd5 28. c6 dxe4 29. Ba5 Nd5 30. c7 Bb7
31. Nc6 Kf8 32. Kf2 Ke8 33. Na7 Kd7 34. Nxb5 Ba6 35. Nc3 Nxc3
36. Bxc3 Kxc7 1/2-1/2

[Event "Torch Real Estate Cup China Chess League"]
[Site "Wuxi CHN"]
[Date "2005.05.13"]
[EventDate "2005.05.08"]
[Round "12"]
[Result "1/2-1/2"]
[White "Chenpeng Wei"]
[Black "Xu Jun"]
[WhiteElo "2406"]
[BlackElo "2582"]
[PlyCount "40"]

1. e4 c5 2. Nf3 d6 3. Bb5+ Nd7 4. d4 Ngf6 5. Nc3 cxd4 6. Qxd4
e5 7. Qd3 h6 8. Be3 a6 9. Bc4 Be7 10. a4 Qc7 11. O-O Nc5
12. Bxc5 Qxc5 13. Nd5 Nxd5 14. Bxd5 O-O 15. Nd2 Rb8 16. Ra3
Bd7 17. Qe3 Qa5 18. Rfa1 b5 19. Nb3 Qb6 20. axb5 axb5 1/2-1/2

[Event "Torch Real Estate Cup China Chess League"]
[Site "Wuxi CHN"]
[Date "2005.05.14"]
[EventDate "2005.05.08"]
[Round "13"]
[Result "1-0"]
[White "Xu Jun"]
[Black "Wu Kaiyu"]
[WhiteElo "2582"]
[BlackElo "2294"]
[PlyCount "60"]

1. c4 e5 2. Nc3 Nc6 3. g3 g6 4. Bg2 Bg7 5. Rb1 Nf6 6. b4 O-O
7. b5 Nb8 8. Nf3 Re8 9. d3 d6 10. O-O Nbd7 11. Nd2 Nc5 12. Nb3
Nxb3 13. axb3 a6 14. Ra1 e4 15. dxe4 Nd7 16. Bb2 Nc5 17. Qc2
Rb8 18. bxa6 bxa6 19. Ra3 Bb7 20. Bf3 Ba8 21. Na4 Bxb2
22. Qxb2 Ne6 23. Qc3 Bc6 24. Nb2 Rb6 25. b4 Ng7 26. Nd3 f5
27. c5 dxc5 28. bxc5 Rb8 29. Rxa6 Bb5 30. Ra2 fxe4 1-0

[Event "Torch Real Estate Cup China Chess League"]
[Site "Jinan CHN"]
[Date "2005.04.21"]
[EventDate "2005.04.20"]
[Round "2"]
[Result "1/2-1/2"]
[White "Xu Jun"]
[Black "Zhong Zhang"]
[WhiteElo "2582"]
[BlackElo "2599"]
[PlyCount "114"]

1. Nf3 c5 2. c4 Nc6 3. d4 cxd4 4. Nxd4 Qb6 5. Nb3 e6 6. Nc3
Nf6 7. a3 Be7 8. e4 O-O 9. Be2 Qc7 10. O-O b6 11. Be3 Ba6
12. Rc1 Rac8 13. f3 Ne5 14. Nb5 Bxb5 15. cxb5 Qb7 16. Qd4 Ng6
17. Kh1 Rxc1 18. Rxc1 Rc8 19. Rxc8+ Qxc8 20. Qc4 Qb8 21. Nd4
h5 22. Bg1 h4 23. Bf1 Qe5 24. Qc3 Bc5 25. b4 Bd6 26. Ne2 Qxb5
27. Bf2 Qg5 28. Be3 Qh5 29. Ng1 Qe5 30. Qxe5 Bxe5 31. a4 d5
32. a5 Bc7 33. axb6 Bxb6 34. Bg5 Nh7 35. Bd2 dxe4 36. fxe4 Nf6
37. Bd3 Ne5 38. Bc2 Nfg4 39. Nh3 Be3 40. Bc3 f6 41. Bd1 Kf7
42. g3 hxg3 43. hxg3 g5 44. Be2 Bb6 45. b5 Bc5 46. Kg2 Ke7
47. Bxg4 Nxg4 48. Kf3 Nh6 49. Nf2 Nf7 50. Nd3 Bb6 51. Bb4+ Ke8
52. Kg4 Bc7 53. Bc5 Bb8 54. Bd4 f5+ 55. exf5 exf5+ 56. Kxf5
Bxg3 57. Bxa7 Nd6+ 1/2-1/2

[Event "Torch Real Estate Cup China Chess League"]
[Site "Jinan CHN"]
[Date "2005.04.24"]
[EventDate "2005.04.20"]
[Round "5"]
[Result "0-1"]
[White "Lin Chen"]
[Black "Xu Jun"]
[WhiteElo "2332"]
[BlackElo "2582"]
[PlyCount "116"]

1. d4 Nf6 2. Nf3 e6 3. Bg5 c5 4. c3 Nc6 5. e3 Be7 6. Bd3 b6
7. O-O Bb7 8. Nbd2 O-O 9. a3 h6 10. Bh4 d6 11. e4 Nh5 12. Bxe7
Nxe7 13. Re1 Nf4 14. Bf1 Qc7 15. g3 Nfg6 16. h4 Rfd8 17. Rc1
Rac8 18. b4 a6 19. Nb3 Nf8 20. c4 cxd4 21. Nfxd4 Qb8 22. Bg2
Nc6 23. Qe2 Nxd4 24. Nxd4 Nd7 25. Red1 Qc7 26. Nb3 Ne5 27. Rd4
a5 28. bxa5 Ba6 29. Qd2 Nc6 30. axb6 Qxb6 31. Rd3 Ne5 32. Rdc3
Rxc4 33. Rxc4 Nxc4 34. Qb4 Qxb4 35. axb4 Rb8 36. Bf1 Rxb4
37. Nd4 Ra4 38. Bxc4 Bxc4 39. f3 d5 40. Kf2 dxe4 41. fxe4 g6
42. Ke3 Kg7 43. Nc6 Ba6 44. Ne5 Ra3+ 45. Kd4 f6 46. Rc7+ Kg8
47. Nxg6 Rxg3 48. Ne7+ Kf8 49. Nc6 Bb5 50. Nb4 Rg4 51. Rb7 Be8
52. Rb6 Bf7 53. Nc6 e5+ 54. Kc5 Rxe4 55. Rb8+ Be8 56. Kd6 Ra4
57. Nb4 Kg7 58. Nd5 Bf7 0-1

[Event "Chinese Championships"]
[Site "Wuxi CHN"]
[Date "2006.06.26"]
[EventDate "2006.06.25"]
[Round "2"]
[Result "1-0"]
[White "Zhang Pengxiang"]
[Black "Xu Jun"]
[WhiteElo "2623"]
[BlackElo "2591"]
[PlyCount "121"]

1. e4 c5 2. Nf3 d6 3. d4 cxd4 4. Nxd4 Nf6 5. f3 e5 6. Nb3 a5
7. Nc3 Be7 8. Be3 Be6 9. Nd2 Qc8 10. Bb5+ Nbd7 11. Qe2 d5
12. exd5 Nxd5 13. Nxd5 Bxd5 14. O-O-O O-O 15. Nc4 Bc6 16. Nd6
Qc7 17. Bxc6 Qxc6 18. Qc4 Qxc4 19. Nxc4 Rfd8 20. Rd5 e4
21. Rhd1 Nf6 22. Rxa5 exf3 23. gxf3 Rxd1+ 24. Kxd1 Rd8+
25. Ke2 Nd5 26. Rb5 Nxe3 27. Kxe3 Rd7 28. Na5 b6 29. Nc4 Bc5+
30. Ke2 Re7+ 31. Kd3 Bg1 32. h3 g6 33. a4 h5 34. c3 h4 35. Re5
Rd7+ 36. Kc2 Rc7 37. b3 Kg7 38. Kd3 Rd7+ 39. Ke2 Rc7 40. Rb5
Rc6 41. Kd3 Rf6 42. Ke4 Bh2 43. Nxb6 Re6+ 44. Kd3 Rf6 45. Ke4
Re6+ 46. Kd5 Rd6+ 47. Kc5 Rd3 48. a5 Rxf3 49. Kd4 Rf4+ 50. Kd5
Rf5+ 51. Kc6 Rf3 52. a6 Rxc3+ 53. Rc5 Rxc5+ 54. Kxc5 Bb8
55. Kc6 g5 56. Kb7 g4 57. hxg4 h3 58. Kxb8 h2 59. a7 h1=Q
60. a8=Q Qh2+ 61. Kc8 1-0

[Event "Chinese Championships"]
[Site "Wuxi CHN"]
[Date "2006.07.02"]
[EventDate "2006.06.25"]
[Round "7"]
[Result "1/2-1/2"]
[White "Xu Jun"]
[Black "Yu Shaoteng"]
[WhiteElo "2591"]
[BlackElo "2542"]
[PlyCount "62"]

1. c4 e6 2. Nc3 Nf6 3. e4 d5 4. e5 d4 5. exf6 dxc3 6. bxc3
Qxf6 7. d4 c5 8. Nf3 cxd4 9. Bg5 Qf5 10. cxd4 Bb4+ 11. Bd2 Qa5
12. Bd3 Nc6 13. Be4 Bxd2+ 14. Qxd2 Qxd2+ 15. Kxd2 Na5 16. Rhc1
Bd7 17. Rab1 Rb8 18. Ne5 Ke7 19. Nxd7 Kxd7 20. Rb5 Nc6 21. Ke3
g6 22. Rcb1 Kc7 23. d5 exd5 24. cxd5 Nd8 25. Ra5 Re8 26. Kd3
f5 27. Bf3 Ra8 28. d6+ Kxd6 29. Bxb7 Rb8 30. Rxa7 Re5 31. Rb6+
Kc5 1/2-1/2

[Event "TCh-CHN A"]
[Site "WEN ZHOU"]
[Date "2008.03.26"]
[EventDate "2008.03.26"]
[Round "1"]
[Result "0-1"]
[White "Xu Jun"]
[Black "Zhao Jun"]
[WhiteElo "2596"]
[BlackElo "2566"]
[PlyCount "108"]

1. Nf3 d5 2. c4 c6 3. e3 Nf6 4. Nc3 e6 5. d4 Nbd7 6. Bd3 dxc4
7. Bxc4 b5 8. Be2 Bb7 9. O-O Bd6 10. e4 e5 11. Bg5 O-O
12. Bxf6 Qxf6 13. d5 a6 14. dxc6 Bxc6 15. Nd5 Qd8 16. Rc1 Bb7
17. Ne3 Nf6 18. Nf5 Bb8 19. Qxd8 Rxd8 20. Rfd1 Re8 21. Nd2 g6
22. Nh6+ Kg7 23. Ng4 Ba7 24. Nxf6 Kxf6 25. a4 bxa4 26. Nc4 Bd4
27. Nd6 Re7 28. Rd2 Rd8 29. Nxb7 Rxb7 30. Rcc2 Rdb8 31. Bxa6
Rxb2 32. Rxb2 Bxb2 33. Rd7 a3 34. Bc4 Rc8 35. Rxf7+ Kg5
36. h4+ Kxh4 37. Rxh7+ Kg5 38. Bd5 Rc1+ 39. Kh2 Rc2 40. Rh3
Rxf2 41. Rg3+ Kh6 42. Rh3+ Kg7 43. Rb3 Rd2 44. Rb7+ Kh6
45. Ra7 Rd3 46. Bf7 Rd6 47. Bd5 Kg5 48. Kg3 Rf6 49. Rf7 Ra6
50. Ba2 Ra4 51. Kf3 Rd4 52. Ra7 Rd3+ 53. Ke2 Rg3 54. Kf1 Bd4
0-1

[Event "TCh-CHN A"]
[Site "WEN ZHOU"]
[Date "2008.03.27"]
[EventDate "2008.03.26"]
[Round "2"]
[Result "1-0"]
[White "Wang Li"]
[Black "Xu Jun"]
[WhiteElo "2407"]
[BlackElo "2596"]
[PlyCount "55"]

1. e4 c5 2. Nf3 e6 3. d4 cxd4 4. Nxd4 Nf6 5. Nc3 d6 6. Be2 a6
7. O-O Qc7 8. f4 Be7 9. Kh1 O-O 10. a4 Nc6 11. Be3 Re8 12. Bf3
Bf8 13. Qd2 Rb8 14. Rad1 Bd7 15. Nb3 b6 16. Qe2 Na5 17. Nxa5
bxa5 18. Qxa6 Rxb2 19. e5 dxe5 20. fxe5 Bc8 21. Qc6 Qxe5
22. Bd4 Qb8 23. Ne4 Bb7 24. Nxf6+ gxf6 25. Qc3 Rb4 26. Bxf6
Ba6 27. Be5 Qc8 28. Bh5 1-0